000 01219cam a2200253 a 4500
001 000006913
005 20240305135409.0
008 830210s1980 ve a 000 0 eng d
040 _aDO-SdBNP
_cDLC
_dDLC
_dBNPHU
041 1 7 _aspaeng
043 _as-ve---
082 _aNNNN
_bA832c
245 0 0 _aAsi es Caracas /
_ceditor, Soledad Mendoza ; prólogo, Simón Alberto Consalvi ; escritores, Gabriel García Marquez ... [et al.] ; introducción a los capítulos, Tomás Eloy Martínez ; versión al inglés, Jaime Tello ; ilustraciones, Pedro León Zapata ; fotógrafo, Roberto Loscher ; fotógrafos invitados, Vladimir Sersa ... [et al.] ; recopilación de datos e investigación de fuentes, Antonio Garcia Ponce ... [et al.] ; traducción de leyendas, Lilly Steinheil, Hilary Branch.
260 _aCaracas :
_bAteneo de Caracas,
_c1980.
300 _a280 p. :
_bill. ;
_c23 cm.
500 _aEnglish and Spanish.
651 0 _aCaracas (Venezuela{Rpara}
_xPictorial Works.
_919169
700 1 _aMendoza, Soledad.
_919170
700 1 _aGarcía Márquez, Gabriel,
_b1928-2014
_d1928-
_91804
700 1 _aTello, Jaime.
_94853
700 1 _aLoscher, Roberto.
_919171
910 _aCatalogación derivada
049 _aBNGR
999 _c6698
_d6698